Planificación comunitaria: un semi-manual de introducción a la planificación comunitaria /
El documento consiste en un manual de motivación, de clarificación conceptual, de orientación sobre elementos, pasos y procedimientos básicos del proceso de planificación, que proporcione elementos para pensar, reflexionar, discutir, cuestionar y adoptar posturas personales acerca de la teoría y la...
Shranjeno v:
| Glavni avtor: | |
|---|---|
| Format: | Knjiga |
| Jezik: | Spanish |
| Izdano: |
Quito, Ecuador
CIESPAL auspicio del Programa Regional de Desarrollo Educativo, PREDE
1984?
|
| Teme: | |
| Oznake: |
Označite
Brez oznak, prvi označite!
|
MARC
| LEADER | 00000nam a22000007a 4500 | ||
|---|---|---|---|
| 003 | cru CIDCACS/IIS | ||
| 005 | 20230502152630.0 | ||
| 008 | 171208b1984 ec a||||||||||0|| ||spa|| | ||
| 040 | |c cru CIDCACS/IIS | ||
| 090 | |a 02.02.01 C764p | ||
| 100 | 1 | 0 | |9 6218 |a Contreras B., Eduardo |
| 245 | 1 | 0 | |a Planificación comunitaria: |b un semi-manual de introducción a la planificación comunitaria / |c Eduardo Contreras B. |
| 260 | |a Quito, Ecuador |b CIESPAL |b auspicio del Programa Regional de Desarrollo Educativo, PREDE |c 1984? | ||
| 300 | |a 79 páginas | ||
| 500 | |a Colección Alforja. Este manual forma parte de "Comunicación popular para la educación" que está ejecutando CIESPAL | ||
| 520 | 3 | |a El documento consiste en un manual de motivación, de clarificación conceptual, de orientación sobre elementos, pasos y procedimientos básicos del proceso de planificación, que proporcione elementos para pensar, reflexionar, discutir, cuestionar y adoptar posturas personales acerca de la teoría y la práctica de la planificación. | |
| 650 | 1 | 7 | |9 3913 |a PLANIFICACIÓN |0 TESAUROS |
| 650 | 1 | 7 | |9 2519 |a COMUNIDADES |0 TESAUROS |
| 650 | 1 | 7 | |9 2527 |a PARTICIPACION COMUNITARIA |0 TESAUROS |
| 942 | |2 ddc |c LI |h 02.02.01 C764p |i 17080 |6 020201_C764P_17080 | ||
| 999 | |c 40717 |d 40717 | ||
